000 01533nam a22002537a 4500
999 _c57219
_d57219
003 Ge_BSU
005 20200327163800.0
008 200121s2018 ge ||||| |||| 00| 0 geo d
020 _a9789941209864
041 _ageo
080 _a821.353.1-1 ს-90
100 _aსტურუა, რეზო.
_970
245 _aუფლის გზაზე :
_bლექსები მიძღვნილი საქ. კათალიკოს-პატრიარქისადმი /
_cრეზო სტურუა ; რედ. თემურ ჯაგოდნიშვილი ; წინასიტყვაობა ა. ფრანგიშვილი ; დიზ. გიორგი სალუქვაძე.
264 _aთბილისი :
_bტექნ. უნივერსიტეტი,
_c2018.
300 _a86 გვ. :
_bფოტ. ;
_c21 სმ.
500 _aილია II-ს (აღსაყდრებიდან 40 წლისთავზე)
653 _aსაქართველოს კათალიკოს-პატრიარქს ილია II-ს
653 _aრელიგია
653 _aქრისტიანობა
700 _aჯაგოდნიშვილი, თემურ
_eრედაქტორი
_971
700 _aფრანგიშვილი, ა
_eწინასიტყვაობა
_979
700 _aსალუქვაძე, გიორგი
_eდიზაინერი
_96265
942 _2udc
_cBK